| 000 | 00858nam a2200241 4500 | ||
|---|---|---|---|
| 999 |
_c13771 _d13771 |
||
| 003 | MIRAKIL | ||
| 005 | 20200217140004.0 | ||
| 008 | 200217b tu ||||| |||| 00| 0 tur d | ||
| 020 | _a9786053991014 | ||
| 040 |
_aTR-AnCHP _cTR-AnCHP |
||
| 041 | _atur | ||
| 082 |
_a658.406 _bK65 2009 |
||
| 245 | 1 | 0 |
_aKriz yönetimi / _cderleyenler Haluk Sumer, Helmut Pernsteiner. |
| 260 |
_aİstanbul: _bİstanbul Bilgi Üniversitesi yayınları, _c2009. |
||
| 300 |
_axxvııı, 759 s.: _btbl., grf., şkl.; _c24 sm. |
||
| 490 | 0 |
_aİstanbul Bilgi Üniversitesi yayınları; _aEkonomi; _v258. _v12. |
|
| 504 | _aKaynakça ve dizin vardır. | ||
| 650 | 0 |
_96281 _aKriz yönetimi |
|
| 700 | 1 |
_94717 _aSumer, Haluk |
|
| 700 | 1 |
_94716 _aPernsteiner, Helmut |
|
| 856 | _zDijital Nüshası için Partimizin Kütüphane Sorumlusu ile iletişime geçiniz. | ||
| 942 |
_2ddc _cBKS |
||